000
00313nam a2200133Ia 4500
005
20260328101511.0
008
260328s9999||||xx |||||||||||||| ||und||
100
_a
Scientific American
245
0
_a
La Ciudad /
_c
Scientific American
260
_b
Alianza
300
_a
266 p.
650
_a
URBANISMO
942
_c
BK
999
_c
9208
_d
9208